Vista normal
Vista MARC
- Hillier,Frederick S
Entrada Personal Name
Número de registros utilizados en: 4
001 - CONTROL NUMBER
- control field: 30730
003 - CONTROL NUMBER IDENTIFIER
- control field: OSt
005 - DATE AND TIME OF LATEST TRANSACTION
- control field: 20161109141827.0
008 - FIXED-LENGTH DATA ELEMENTS
- fixed length control field: 161109|| aca||aabn | a|a d
040 ## - CATALOGING SOURCE
- Original cataloging agency: OSt
- Transcribing agency: OSt
100 ## - HEADING--PERSONAL NAME
- Personal name: Hillier,Frederick S
670 ## - SOURCE DATA FOUND
- Source citation: Work cat.: (OSt)5873: Hillier,Frederick S, Introducción a la investigación de operaciones